Digital signal processing and applications with the C6713 and C6416 DSK + CD-ROM (Record no. 290566)
[ view plain ]
| 000 -LEADER | |
|---|---|
| fixed length control field | 00328 a2200121 4500 |
| 001 - CONTROL NUMBER | |
| control field | 55493 |
| 082 ## - DEWEY DECIMAL CLASSIFICATION NUMBER | |
| Classification number | 621.3822 CHA |
| 090 ## - LOCALLY ASSIGNED LC-TYPE CALL NUMBER (OCLC); LOCAL CALL NUMBER (RLIN) | |
| -- | 34436 |
| -- | 34436 |
| 100 ## - MAIN ENTRY--PERSONAL NAME | |
| Personal name | Chassaing, R. |
| 245 ## - TITLE STATEMENT | |
| Title | Digital signal processing and applications with the C6713 and C6416 DSK + CD-ROM |
| 260 ## - PUBLICATION, DISTRIBUTION, ETC. | |
| Place of publication, distribution, etc. | NJ USA |
| Name of publisher, distributor, etc. | Willey |
| Date of publication, distribution, etc. | 2004 |
| 300 ## - PHYSICAL DESCRIPTION | |
| Extent | 518 p. |
| 942 ## - ADDED ENTRY ELEMENTS (KOHA) | |
| Institution code [OBSOLETE] | NUST-CAE |
| Call number prefix | 621.3822 CHA |
| Withdrawn status | Lost status | Damaged status | Not for loan | Collection code | Permanent Location | Current Location | Date acquired | Total Checkouts | Full call number | Barcode | Date last seen | Price effective from | Koha item type |
|---|---|---|---|---|---|---|---|---|---|---|---|---|---|
| College of Aeronautical Engineering (CAE) | College of Aeronautical Engineering (CAE) | 04/03/2017 | 621.3822 CHA | CAEN-4324 | 04/05/2017 | 04/05/2017 | Book |
